Statistics for Biggest Emigrant Destination by Country

Click here to take the quiz!

General Stats

  • This quiz has been taken 939 times
  • The average score is 12 of 24

Answer Stats

Departure CountryArrival Country% Correct
MexicoUnited States
100%
PolandGermany
93%
FinlandSweden
74%
IndonesiaMalaysia
72%
MoroccoFrance
66%
ArgentinaSpain
59%
KenyaUnited Kingdom
59%
IcelandDenmark
56%
United KingdomAustralia
52%
Cape VerdePortugal
52%
BurmaThailand
52%
BhutanNepal
49%
BotswanaSouth Africa
49%
BoliviaArgentina
45%
RomaniaItaly
45%
MontenegroSerbia
45%
MongoliaSouth Korea
44%
IndiaUnited Arab Emirates
42%
SwitzerlandItaly
41%
BulgariaTurkey
35%
PakistanSaudi Arabia
28%
MalawiZimbabwe
16%
ChadCameroon
10%
BruneiIndia
7%

Score Distribution

Percentile by Number Answered

Percent of People with Each Score

Your Score History

You have not taken this quiz